De Hattusa a Memphis : Jacques Freu in honorem /

محفوظ في:

مؤلفون آخرون: Freu, Jacques., Aufrère, Sydney., Mazoyer, Michel.

التنسيق: كتاب

اللغة: French

منشور في: Paris : L'Harmattan, 2013.

سلاسل: Collection Kubaba. Série Antiquité.

الموضوعات:

الوسوم: إضافة وسم

لا توجد وسوم, كن أول من يضع وسما على هذه التسجيلة!

رقم الطلب: DS66 .D443 2013

LEADER 01112namaa2200325 4500
001 23728
003 OSt
005 20211127072437.0
008 130303s2013 fr a g b 000 0 fre d
952 |0 0  |1 0  |2 lcc  |4 0  |6 DS0066 D443 02013  |7 1  |9 23504  |a ARCE  |b ARCE  |d 2021-11-27  |l 0  |o DS66 .D443 2013  |p 1011438  |r 2021-11-27 00:00:00  |w 2021-11-27  |y BK 
999 |c 22702  |d 22702 
020 |a 2343000042 
020 |a 9782343000046 
040 |c ARCE Library 
043 |a aw----- 
050 4 |a DS66 .D443 2013 
245 0 3 |a De Hattusa a Memphis :   |b Jacques Freu in honorem /   |c edite par Michel Mazoyer et Sydney Herve Aufrere. 
264 1 |a Paris :   |b L'Harmattan,   |c 2013. 
300 |a 284 pages :   |b illustrations ;   |c 24 cm. 
490 0 |a Collection Kubaba. Série Antiquité. 
504 |a Includes bibliographical references. 
555 |a shimaa  
650 0 |a Hittites   |x Civilization. 
650 0 |a Hittites   |x Social life and customs. 
651 0 |a Middle East   |x Civilization. 
700 1 |a Freu, Jacques.  |9 30296 
700 1 |a Aufrère, Sydney. 
700 1 |a Mazoyer, Michel.  |9 35665 
901 |a reviewed 
942 |c BK  |2 lcc